| 000 | 00600 a2200217 4500 | ||
|---|---|---|---|
| 003 | Nust | ||
| 005 | 20170207153112.0 | ||
| 010 | _a 95015535 | ||
| 020 | _a0675221706 | ||
| 040 | _cNust | ||
| 082 | 0 | 0 | _a621.381 |
| 100 | 1 | _aFloyd, Thomas L. | |
| 245 | 1 | 0 |
_aElectronic devices / _cThomas L. Floyd. |
| 250 | _a3rd ed. | ||
| 260 |
_aEnglewood Cliffs, N.J. : _bPrentice Hall, _cc1992. |
||
| 300 |
_a1 v. (various pagings) : _bill. (some col.) ; _c26 cm. |
||
| 505 | _aNO | ||
| 538 | _aAlmirah No. 32 Shelf No. 5 | ||
| 650 | 0 | _aElectronic apparatus and appliances. | |
| 650 | 0 | _aSolid state electronics. | |
| 942 |
_2ddc _cBK |
||
| 999 |
_c179140 _d179140 |
||